000 00311nam a22001337a 4500
008 180209b xxu||||| |||| 00| 0 eng d
020 _a9780078216831
041 _aeng
080 _a61
100 _a32
101 _aMAT
245 _aMATHEMATICS APLLICATIONS AND CONNECTIONS
_cCLENCOE,M
942 _2udc
_cBK
999 _c42231
_d42231